[Event "XXX C.to Italiano femminile"]
[Site "Bratto - Castione della Presolana ITA"]
[Date "2003.08.21"]
[Round "1"]
[White "Ambrosi, Eleonora"]
[Black "Matta, Francesca"]
[Result "1-0"]
[WhiteElo "2091"]
[BlackElo "1624"]
[PlyCount "81"]
[EventDate "2003.08.21"]

1. e4 e5 2. d4 exd4 3. Qxd4 Nc6 4. Qe3 d6 5. Nc3 Nf6 6. Bd2 Be6 7. h3 Be7 8.
O-O-O a5 9. Bb5 O-O 10. f4 Nb4 11. a3 Na6 12. Nge2 c6 13. Bxa6 Rxa6 14. f5 Bc8
15. Qg3 Nd7 16. Bf4 b5 17. Bxd6 Bh4 18. Qg4 Re8 19. g3 Bf6 20. h4 b4 21. Nb1
Qb6 22. Qf3 bxa3 23. Bxa3 Ne5 24. Qb3 Qxb3 25. cxb3 Ng4 26. Bc5 Rxe4 27. Nec3
Re8 28. Rhe1 Rxe1 29. Rxe1 Bd7 30. Re4 Nh6 31. g4 Bxh4 32. Rd4 Be8 33. Re4 Ra8
34. Na3 Bd7 35. Nc4 g6 36. Nb6 Rd8 37. Nxd7 Bg5+ 38. Kb1 Rxd7 39. Re8+ Kg7 40.
Bf8+ Kf6 41. Ne4# 1-0

[Event "XXX C.to Italiano femminile"]
[Site "Bratto - Castione della Presolana ITA"]
[Date "2003.08.21"]
[Round "1"]
[White "Bassi, Serena"]
[Black "Clappa, Ilaria"]
[Result "0-1"]
[WhiteElo "1347"]
[BlackElo "1648"]
[PlyCount "74"]
[EventDate "2003.08.21"]

1. e4 e6 2. d4 d5 3. e5 c5 4. Nf3 Qb6 5. Nc3 Bd7 6. b3 cxd4 7. Nxd4 Bc5 8. Be3
Bb4 9. Qd2 Qa5 10. Nde2 Bb5 11. a3 Bxe2 12. axb4 Qxa1+ 13. Kxe2 Qa6+ 14. Ke1
Qa1+ 15. Ke2 Nd7 16. Bd4 Qa6+ 17. Ke1 Qc6 18. Bb5 Qc7 19. Bxd7+ Qxd7 20. Ke2
Ne7 21. f4 b6 22. Qd3 O-O 23. g4 Nc6 24. Rf1 Nxb4 25. Qd2 Rac8 26. h4 Nc6 27.
Nb5 Nxe5 28. Nxa7 Qxa7 29. fxe5 Qc7 30. c3 Qe7 31. g5 Ra8 32. Bxb6 Qb7 33. Qd4
Rfb8 34. Bc5 Qxb3 35. Qf4 Ra2+ 36. Kd3 Qc2+ 37. Ke3 Qxc3# 0-1

[Event "XXX C.to Italiano femminile"]
[Site "Bratto - Castione della Presolana ITA"]
[Date "2003.08.21"]
[Round "1"]
[White "Bianchini, Aurora"]
[Black "Tonel, Giulia"]
[Result "1/2-1/2"]
[WhiteElo "1654"]
[BlackElo "1425"]
[PlyCount "66"]
[EventDate "2003.08.21"]

1. d4 d5 2. c4 e6 3. Nc3 Nf6 4. Bg5 Be7 5. e3 O-O 6. Nf3 h6 7. Bxf6 Bxf6 8. Be2
b6 9. O-O Bb7 10. Qb3 Na6 11. cxd5 exd5 12. Rfc1 c6 13. Na4 Nc7 14. Rab1 Ne6
15. Bd3 Rc8 16. Bf5 Qe7 17. Nc3 Rc7 18. Bxe6 fxe6 19. Ne2 e5 20. dxe5 Bxe5 21.
Nxe5 Qxe5 22. Nf4 Qf5 23. Qc2 Qxc2 24. Rxc2 Rd7 25. b4 Rc8 26. Rd1 c5 27. f3
Kf7 28. bxc5 bxc5 29. Nd3 Rdc7 30. Nf4 Rd8 31. Nd3 Rdc8 32. Nf4 Rd8 33. Nd3
Rdc8 1/2-1/2

[Event "XXX C.to Italiano femminile"]
[Site "Bratto - Castione della Presolana ITA"]
[Date "2003.08.21"]
[Round "1"]
[White "Cassinera, Chiara"]
[Black "Nazarova, Olga"]
[Result "0-1"]
[WhiteElo "1528"]
[BlackElo "2050"]
[PlyCount "55"]
[EventDate "2003.08.21"]

1. d4 d5 2. Nf3 c6 3. Bf4 Nf6 4. e3 Bg4 5. Nbd2 g6 6. h3 Bxf3 7. Nxf3 Bg7 8. c3
Nbd7 9. Bd3 O-O 10. O-O Ne4 11. Nd2 f5 12. f3 Nef6 13. e4 Nh5 14. Bh2 e6 15.
exd5 exd5 16. Re1 Re8 17. Rxe8+ Qxe8 18. Qe1 Bh6 19. Nb3 Qe3+ 20. Qxe3 Bxe3+
21. Kf1 f4 22. Re1 Rc8 23. Nc1 c5 24. Ne2 c4 25. Bc2 Rf8 26. Bg1 Re8 27. Ba4
Re7 28. Nxf4 0-1

[Event "XXX C.to Italiano femminile"]
[Site "Bratto - Castione della Presolana ITA"]
[Date "2003.08.21"]
[Round "1"]
[White "Decataldo, Alba"]
[Black "Brunello, Roberta"]
[Result "1-0"]
[WhiteElo "1794"]
[BlackElo "1480"]
[PlyCount "31"]
[EventDate "2003.08.21"]

1. e4 e5 2. Nf3 Nc6 3. d4 exd4 4. Bc4 Bc5 5. c3 Qf6 6. O-O dxc3 7. Nxc3 Nge7 8.
Nd5 Nxd5 9. exd5 Ne5 10. Nxe5 O-O 11. Nf3 d6 12. Qc2 Bg4 13. Ng5 g6 14. Ne4 Qh4
15. Bg5 Qh5 16. Nf6+ 1-0

[Event "XXX C.to Italiano femminile"]
[Site "Bratto - Castione della Presolana ITA"]
[Date "2003.08.21"]
[Round "1"]
[White "Mosca, Giulia"]
[Black "Pili, Erika"]
[Result "1-0"]
[WhiteElo "1452"]
[BlackElo "1759"]
[PlyCount "45"]
[EventDate "2003.08.21"]

1. e4 e5 2. Nf3 Nc6 3. Bb5 d6 4. O-O Be7 5. Re1 Nf6 6. c3 O-O 7. h3 h6 8. d4
exd4 9. cxd4 a6 10. Ba4 b5 11. Bc2 Nh7 12. Be3 Ng5 13. Nbd2 f5 14. Nxg5 Bxg5
15. Bxg5 Qxg5 16. Nf3 Qf6 17. e5 dxe5 18. dxe5 Qe7 19. Qd5+ Qe6 20. Bb3 Qxd5
21. Bxd5+ Kh8 22. Bxc6 Rb8 23. e6 1-0

[Event "XXX C.to Italiano femminile"]
[Site "Bratto - Castione della Presolana ITA"]
[Date "2003.08.21"]
[Round "1"]
[White "Reginato, Sabrina"]
[Black "Costantini, Laura"]
[Result "0-1"]
[WhiteElo "1395"]
[BlackElo "2075"]
[PlyCount "86"]
[EventDate "2003.08.21"]

1. e4 c5 2. Nf3 d6 3. d4 cxd4 4. Nxd4 Nf6 5. Nc3 a6 6. Be3 e6 7. Be2 Be7 8. O-O
O-O 9. Re1 Qc7 10. f3 Nc6 11. a3 b5 12. Qd2 Bb7 13. Rad1 Rfd8 14. Kh1 Rac8 15.
Qc1 d5 16. exd5 Nxd5 17. Nxd5 Rxd5 18. Nxc6 Bxc6 19. Rxd5 Bxd5 20. Bd3 Bd6 21.
h3 Qa5 22. Qd2 Qa4 23. Rc1 Qh4 24. Bf2 Qf6 25. c3 Bxf3 26. Bxh7+ Kxh7 27. Qd3+
Kg8 28. Qxf3 Qxf3 29. gxf3 Rd8 30. Rd1 Kf8 31. Bc5 Ke7 32. Bxd6+ Rxd6 33. Rxd6
Kxd6 34. Kg2 Kd5 35. b3 a5 36. Kf2 a4 37. bxa4 bxa4 38. Ke2 Kc4 39. Kd2 Kb3 40.
Kd3 Kxa3 41. c4 Kb4 42. Kd4 a3 43. c5 a2 0-1

[Event "XXX C.to Italiano femminile"]
[Site "Bratto - Castione della Presolana ITA"]
[Date "2003.08.21"]
[Round "1"]
[White "Sautto, Alessandra"]
[Black "Castellano, Fulvia"]
[Result "0-1"]
[WhiteElo "1968"]
[BlackElo "1525"]
[PlyCount "82"]
[EventDate "2003.08.21"]

1. d4 Nf6 2. Nf3 g6 3. Nbd2 Bg7 4. e4 d6 5. Bd3 O-O 6. O-O c5 7. c3 Nbd7 8. Qe2
Qc7 9. Re1 b6 10. Nf1 Bb7 11. d5 e6 12. c4 Rfe8 13. Ne3 a6 14. Rb1 b5 15. b3
exd5 16. exd5 Ng4 17. Qc2 Nxe3 18. Bxe3 b4 19. Bf4 Ne5 20. Nxe5 dxe5 21. Be3 f5
22. f3 Qd6 23. Rbd1 h6 24. Qf2 Rac8 25. Qc2 Re7 26. Bf2 Rce8 27. Bg3 Qd7 28.
Bh4 Rf7 29. Bf2 Qd6 30. Bg3 Bc8 31. Re2 g5 32. Rde1 Rf6 33. Bxe5 Rxe5 34. Rxe5
Bd7 35. R5e2 g4 36. fxg4 fxg4 37. Rf1 Rxf1+ 38. Kxf1 Qxh2 39. Rf2 g3 40. Bh7+
Kh8 41. Rd2 Bg4 0-1

[Event "XXX C.to Italiano femminile"]
[Site "Bratto - Castione della Presolana ITA"]
[Date "2003.08.21"]
[Round "1"]
[White "Sirletti, Sonia"]
[Black "Tiozzo Netti, Valeria"]
[Result "1-0"]
[WhiteElo "2071"]
[BlackElo "1600"]
[PlyCount "105"]
[EventDate "2003.08.21"]

1. d4 d5 2. c4 e6 3. Nc3 Nf6 4. Bg5 Be7 5. e3 Nbd7 6. Nf3 O-O 7. Rc1 c6 8. Bd3
dxc4 9. Bxc4 Nd5 10. Bxe7 Qxe7 11. O-O Nxc3 12. Rxc3 Nb6 13. Bd3 Nd5 14. Rc1
Bd7 15. e4 Nc7 16. Re1 Rac8 17. Qe2 Na8 18. e5 Nb6 19. Qe4 g6 20. Qf4 f5 21.
exf6 Qxf6 22. Qe5 Nd5 23. Qxf6 Rxf6 24. Ne5 Rd8 25. g3 Bc8 26. Bf1 Nc7 27. Rcd1
Rff8 28. Kg2 Rd6 29. f4 Rfd8 30. Nf3 Kf7 31. Bc4 c5 32. Ng5+ Kg7 33. Ne4 Rxd4
34. Rxd4 Rxd4 35. Bb3 b6 36. Nc3 Rd2+ 37. Re2 Rxe2+ 38. Nxe2 Bb7+ 39. Kf2 Bd5
40. Nc1 Kf6 41. Ke3 e5 42. Bxd5 Nxd5+ 43. Ke4 Ke6 44. fxe5 Nb4 45. a3 Nc6 46.
Nd3 c4 47. Nf4+ Ke7 48. Kd5 Na5 49. Ne2 a6 50. Nd4 b5 51. Kc5 Nb3+ 52. Nxb3
cxb3 53. Kb6 1-0

[Event "XXX C.to Italiano femminile"]
[Site "Bratto - Castione della Presolana ITA"]
[Date "2003.08.21"]
[Round "1"]
[White "Tomba, Patrizia"]
[Black "Fittante, Giuliana"]
[Result "0-1"]
[WhiteElo "1492"]
[BlackElo "1813"]
[PlyCount "91"]
[EventDate "2003.08.21"]

1. e4 e5 2. Nf3 Nf6 3. Nxe5 d6 4. Nf3 Nxe4 5. Qe2 Qe7 6. d3 Nf6 7. Qxe7+ Bxe7
8. Be2 Nc6 9. Nc3 O-O 10. O-O Bf5 11. Bd2 a6 12. a3 Rfe8 13. Rfe1 Rad8 14. Rad1
b5 15. b4 Bg4 16. h3 Bxf3 17. Bxf3 Nd4 18. Rc1 Nxf3+ 19. gxf3 c6 20. Re2 d5 21.
Rce1 Kf8 22. d4 a5 23. Nd1 axb4 24. axb4 Bd6 25. c3 h6 26. Rxe8+ Rxe8 27. Rxe8+
Kxe8 28. Nb2 Nd7 29. f4 Nb6 30. Kg2 Ke7 31. Nd3 f6 32. f5 Nc4 33. Bc1 Bc7 34.
Nc5 Bb6 35. Ne6 g5 36. f4 Nd6 37. fxg5 hxg5 38. Nxg5 fxg5 39. Bxg5+ Kf7 40. f6
Ne4 41. h4 Bd8 42. Kf3 Nxc3 43. h5 Bxf6 44. Bc1 Bxd4 45. Kg4 Ne4 46. h6 0-1

[Event "XXX C.to Italiano femminile"]
[Site "Bratto - Castione della Presolana ITA"]
[Date "2003.08.22"]
[Round "2"]
[White "Brunello, Roberta"]
[Black "Cassinera, Chiara"]
[Result "1-0"]
[WhiteElo "1480"]
[BlackElo "1528"]
[PlyCount "101"]
[EventDate "2003.08.21"]

1. e4 c5 2. d4 cxd4 3. c3 dxc3 4. Nxc3 d6 5. Bc4 Nc6 6. Nf3 g6 7. O-O Bg7 8.
Re1 Nf6 9. e5 dxe5 10. Qxd8+ Nxd8 11. Nxe5 Nd7 12. Bf4 Nxe5 13. Bxe5 Bxe5 14.
Rxe5 Nc6 15. Bb5 Bd7 16. Re3 a6 17. Nd5 O-O 18. Nxe7+ Kg7 19. Bxc6 Bxc6 20.
Nxc6 bxc6 21. Rc1 Rab8 22. b3 Rbd8 23. Kf1 Rd2 24. a4 Rc8 25. Rec3 Rd6 26. Ke2
Re8+ 27. Kf3 Rf6+ 28. Kg3 Rc8 29. b4 Kf8 30. b5 axb5 31. axb5 Ke7 32. Rxc6
Rcxc6 33. Rxc6 Rxc6 34. bxc6 Kd6 35. Kg4 h6 36. Kf4 f6 37. g4 Kxc6 38. Ke4 Kd6
39. f4 Ke6 40. f5+ gxf5+ 41. gxf5+ Kf7 42. Kd5 Ke7 43. Kc6 h5 44. h4 Kf8 45.
Kd6 Kf7 46. Kd7 Kf8 47. Ke6 Kg7 48. Ke7 Kg8 49. Kxf6 Kf8 50. Kg6 Ke7 51. Kg7
1-0

[Event "XXX C.to Italiano femminile"]
[Site "Bratto - Castione della Presolana ITA"]
[Date "2003.08.22"]
[Round "2"]
[White "Castellano, Fulvia"]
[Black "Bianchini, Aurora"]
[Result "0-1"]
[WhiteElo "1525"]
[BlackElo "1654"]
[PlyCount "70"]
[EventDate "2003.08.21"]

1. e4 e5 2. Nf3 Nc6 3. d4 exd4 4. Nxd4 Bc5 5. Be3 Qf6 6. c3 Nge7 7. Be2 O-O 8.
O-O Bb6 9. Na3 d5 10. Nxc6 Qxc6 11. exd5 Nxd5 12. Bxb6 Nxb6 13. Re1 Qf6 14. Nc4
Rd8 15. Qc1 Nd5 16. Bf3 Be6 17. Ne3 Nf4 18. Qc2 c6 19. Ng4 Bxg4 20. Bxg4 Qg5
21. Qf5 Qxf5 22. Bxf5 Rd2 23. Re4 Nd5 24. Rae1 g6 25. Bd7 Nf6 26. Rd4 Rxd4 27.
cxd4 Nxd7 28. Re7 Rd8 29. Kf1 Kf8 30. Re3 Nb6 31. Re4 Nc4 32. Ke2 Re8 33. Kd3
Rxe4 34. Kxe4 Nxb2 35. Ke5 Ke7 0-1

[Event "XXX C.to Italiano femminile"]
[Site "Bratto - Castione della Presolana ITA"]
[Date "2003.08.22"]
[Round "2"]
[White "Clappa, Ilaria"]
[Black "Sirletti, Sonia"]
[Result "1-0"]
[WhiteElo "1648"]
[BlackElo "2071"]
[PlyCount "145"]
[EventDate "2003.08.21"]

1. e4 d5 2. exd5 Qxd5 3. Nc3 Qa5 4. g3 Nf6 5. Bg2 c6 6. Nge2 Bg4 7. h3 Bf5 8.
b4 Qb6 9. d3 e5 10. Be3 Qc7 11. Rb1 Nbd7 12. O-O Nb6 13. f4 Nbd5 14. Nxd5 Nxd5
15. Qd2 Be6 16. fxe5 Nxe3 17. Qxe3 Bxa2 18. Rb2 Be6 19. Nf4 Qb6 20. Qxb6 axb6
21. Nxe6 fxe6 22. d4 b5 23. Rc1 Ra4 24. c3 Be7 25. h4 Kd7 26. Rf2 Rf8 27. Bh3
Rxf2 28. Kxf2 Bf8 29. g4 Ra3 30. Ke3 Ke7 31. Kd3 g6 32. Rf1 Bg7 33. g5 Ra2 34.
Rf4 Rh2 35. Rf3 Ra2 36. Bg4 Rh2 37. Bh3 Rh1 38. Ke3 Re1+ 39. Kf4 Rh1 40. Kg3
Rg1+ 41. Kh2 Rc1 42. h5 gxh5 43. Kg3 h6 44. g6 Rg1+ 45. Bg2 h4+ 46. Kh3 Ke8 47.
Rf7 Bf8 48. Rxb7 Rc1 49. g7 Rxc3+ 50. Kxh4 Bxg7 51. Rxg7 Rc4 52. Kh5 Rxd4 53.
Bxc6+ Kf8 54. Rg4 Rd2 55. Kxh6 Ke7 56. Bxb5 Rd5 57. Bc6 Rxe5 58. Re4 Rf5 59. b5
Kd6 60. Rb4 Kc5 61. Rb2 Rf8 62. Kg7 Rd8 63. Kf6 Kb6 64. Kxe6 Rd4 65. Ra2 Rb4
66. Kd7 Rd4+ 67. Kc8 Rh4 68. Ra6+ Kc5 69. Kc7 Rh8 70. b6 Rh6 71. b7 Rh7+ 72.
Bd7 Rh8 73. Ra8 1-0

[Event "XXX C.to Italiano femminile"]
[Site "Bratto - Castione della Presolana ITA"]
[Date "2003.08.22"]
[Round "2"]
[White "Costantini, Laura"]
[Black "De Rosa, Mariagrazia"]
[Result "0-1"]
[WhiteElo "2075"]
[BlackElo "1828"]
[PlyCount "58"]
[EventDate "2003.08.21"]

1. e4 c5 2. Nf3 d6 3. d4 cxd4 4. Nxd4 Nf6 5. Nc3 a6 6. Be3 e6 7. f3 b5 8. g4
Bb7 9. Qd2 Be7 10. O-O-O Nfd7 11. h4 Nc5 12. Kb1 Nbd7 13. Qf2 Qc7 14. g5 b4 15.
Nce2 a5 16. Ng3 a4 17. h5 b3 18. cxb3 axb3 19. a3 d5 20. g6 f6 21. Bh3 Ne5 22.
Bxe6 Ned3 23. Bf7+ Kd7 24. Qh2 Qa5 25. Qh3+ Kc7 26. Rxd3 Nxd3 27. Ne6+ Kb8 28.
Rd1 Bxa3 29. Qh2 Bd6 0-1

[Event "XXX C.to Italiano femminile"]
[Site "Bratto - Castione della Presolana ITA"]
[Date "2003.08.22"]
[Round "2"]
[White "Fittante, Giuliana"]
[Black "Ambrosi, Eleonora"]
[Result "0-1"]
[WhiteElo "1813"]
[BlackElo "2091"]
[PlyCount "134"]
[EventDate "2003.08.21"]

1. d4 e6 2. Nf3 f5 3. Bf4 Nf6 4. e3 d5 5. Bd3 Be7 6. Nbd2 O-O 7. Ne5 Nbd7 8.
Ndf3 c5 9. c3 Ne4 10. O-O Ndf6 11. Qe2 Qe8 12. Ng5 c4 13. Bc2 Nd6 14. h3 h6 15.
Ngf3 Nfe4 16. Nd2 Nxd2 17. Qxd2 b5 18. Qd1 a5 19. Qf3 Rf6 20. Bd1 g5 21. Bg3
Ne4 22. Qh5 Qxh5 23. Bxh5 Nxg3 24. fxg3 Kg7 25. Be8 b4 26. Ba4 Bd6 27. g4 Ra6
28. gxf5 exf5 29. Nf3 Ra7 30. Nd2 Re7 31. Rae1 Bg3 32. Re2 Ba6 33. Rf3 Bb8 34.
Ref2 f4 35. exf4 Rxf4 36. Bc6 Rxf3 37. Nxf3 Bg3 38. Rd2 Bf4 39. Rf2 Be3 40.
Bxd5 Bxf2+ 41. Kxf2 bxc3 42. bxc3 Kf6 43. Ne5 Rc7 44. Ng4+ Kg7 45. Ne5 Rc8 46.
Nc6 Bb7 47. Ne7 Rf8+ 48. Ke3 Bxd5 49. Nxd5 Rb8 50. a4 Rb2 51. Kf3 Kf7 52. g3
Ra2 53. Nb6 Ra3 54. Nxc4 Rxc3+ 55. Ne3 Ra3 56. Ke4 Rxa4 57. Nf5 h5 58. Kd5 Ra1
59. Nd6+ Ke7 60. Ne4 Rb1 61. Kc4 a4 62. d5 a3 63. Nc3 Rc1 64. Kb3 Rxc3+ 65.
Kxc3 Kd6 66. Kb3 Kxd5 67. Kxa3 Ke4 0-1

[Event "XXX C.to Italiano femminile"]
[Site "Bratto - Castione della Presolana ITA"]
[Date "2003.08.22"]
[Round "2"]
[White "Matta, Francesca"]
[Black "Tomba, Patrizia"]
[Result "1-0"]
[WhiteElo "1624"]
[BlackElo "1492"]
[PlyCount "51"]
[EventDate "2003.08.21"]

1. e4 e5 2. Nf3 Nc6 3. Bb5 a6 4. Bxc6 dxc6 5. O-O Bg4 6. h3 h5 7. d3 Bc5 8.
Nbd2 Qe7 9. Re1 O-O-O 10. hxg4 hxg4 11. Qe2 gxf3 12. Nxf3 Nh6 13. Bg5 f6 14.
Be3 Bxe3 15. Qxe3 Kb8 16. g3 Ng4 17. Qe2 Rh3 18. Nh4 Qe6 19. Nf5 Nh2 20. Nxg7
Qf7 21. Nf5 Rg8 22. Kg2 Ng4 23. Kxh3 Qh5+ 24. Nh4 Qg5 25. Rh1 Nh6 26. Kg2 1-0

[Event "XXX C.to Italiano femminile"]
[Site "Bratto - Castione della Presolana ITA"]
[Date "2003.08.22"]
[Round "2"]
[White "Nazarova, Olga"]
[Black "Decataldo, Alba"]
[Result "1-0"]
[WhiteElo "2050"]
[BlackElo "1794"]
[PlyCount "144"]
[EventDate "2003.08.21"]

1. d4 d5 2. c4 e6 3. Nc3 c5 4. cxd5 exd5 5. dxc5 d4 6. Ne4 Nc6 7. Bd2 Bf5 8.
Ng3 Bg6 9. Rc1 Nf6 10. e3 d3 11. b4 Qe7 12. Bc3 Rd8 13. Nf3 Nd5 14. Qd2 Qe6 15.
Nd4 Nxd4 16. Bxd4 Nf4 17. Qb2 h5 18. h4 Nd5 19. Qb3 b6 20. Qa4+ Rd7 21. a3 Be7
22. Rd1 bxc5 23. bxc5 Bxc5 24. Bxd3 Nxe3 25. Bxe3 Bxe3 26. Bxg6 Bb6+ 27. Be4 g6
28. Qxd7+ Qxd7 29. Rxd7 Kxd7 30. O-O f5 31. Rd1+ Ke6 32. Bf3 Rc8 33. Ne2 Kf6
34. g3 Bc5 35. Rc1 Ke5 36. Nf4 Bxf2+ 37. Kxf2 Rxc1 38. Nxg6+ Kf6 39. Nf4 Ra1
40. Nxh5+ Kg6 41. Nf4+ Kh6 42. Bd5 Rxa3 43. Be6 Ra5 44. Ng2 Re5 45. Bd7 Rd5 46.
Bc8 Rc5 47. Ba6 Ra5 48. Bd3 Rd5 49. Ke3 a5 50. Bc2 Kg7 51. Nf4 Re5+ 52. Kd4 Kf6
53. Nh5+ Ke6 54. Ng7+ Kf6 55. Nxf5 a4 56. g4 a3 57. g5+ Ke6 58. Ng7+ Kd6 59.
Bb3 Ra5 60. Ba2 Rb5 61. g6 Ke7 62. h5 Rb2 63. Nf5+ Kf6 64. g7 Rg2 65. h6 Kxf5
66. h7 Rxg7 67. h8=Q Rg4+ 68. Kd5 Rg3 69. Bb1+ Kg4 70. Qg7+ Kh3 71. Qh6+ Kg2
72. Be4+ Kf1 1-0

[Event "XXX C.to Italiano femminile"]
[Site "Bratto - Castione della Presolana ITA"]
[Date "2003.08.22"]
[Round "2"]
[White "Panella, Fiammetta"]
[Black "Mosca, Giulia"]
[Result "1-0"]
[WhiteElo "1840"]
[BlackElo "1452"]
[PlyCount "67"]
[EventDate "2003.08.21"]

1. e4 c6 2. d4 d5 3. Nc3 dxe4 4. Nxe4 Nd7 5. Bc4 Ngf6 6. Ng5 e6 7. Qe2 Nb6 8.
Bb3 h6 9. N5f3 a5 10. a4 Be7 11. Bf4 O-O 12. h4 Nbd5 13. Bd2 c5 14. O-O-O cxd4
15. Nxd4 Bc5 16. Nb5 Qb6 17. g4 e5 18. g5 Ne7 19. gxf6 Qxf6 20. Bc3 Nc6 21. f3
Qf4+ 22. Kb1 Be7 23. Nc7 Rb8 24. Nd5 Qf5 25. Nxe7+ Nxe7 26. Qxe5 Qxe5 27. Bxe5
Ra8 28. Bd6 Rd8 29. Ne2 Nc6 30. Ng3 Bd7 31. Bc7 Rac8 32. Bxd8 Rxd8 33. Ne4 b6
34. Nd6 1-0

[Event "XXX C.to Italiano femminile"]
[Site "Bratto - Castione della Presolana ITA"]
[Date "2003.08.22"]
[Round "2"]
[White "Tiozzo Netti, Valeria"]
[Black "Bassi, Serena"]
[Result "0-1"]
[WhiteElo "1600"]
[BlackElo "1347"]
[PlyCount "30"]
[EventDate "2003.08.21"]

1. e4 e5 2. Nf3 Nc6 3. Bc4 Nf6 4. Ng5 d5 5. exd5 Nxd5 6. d4 Be6 7. Nxe6 fxe6 8.
Bb5 Qd6 9. Bxc6+ Qxc6 10. c3 O-O-O 11. f3 exd4 12. Qxd4 Nb4 13. Qxa7 Nc2+ 14.
Ke2 Qc4+ 15. Kf2 Bc5+ 0-1

[Event "XXX C.to Italiano femminile"]
[Site "Bratto - Castione della Presolana ITA"]
[Date "2003.08.22"]
[Round "2"]
[White "Tonel, Giulia"]
[Black "Sautto, Alessandra"]
[Result "1/2-1/2"]
[WhiteElo "1425"]
[BlackElo "1968"]
[PlyCount "77"]
[EventDate "2003.08.21"]

1. e4 e6 2. d4 d5 3. Nd2 Be7 4. c3 Nf6 5. e5 Nfd7 6. Bd3 c5 7. Ne2 Nc6 8. Nf3
cxd4 9. cxd4 Nb6 10. O-O Bd7 11. Re1 a6 12. b3 Rc8 13. Be3 Nb4 14. Bb1 Qc7 15.
a3 Nc2 16. Bxc2 Qxc2 17. Qxc2 Rxc2 18. Ng3 O-O 19. a4 Rc3 20. Rab1 Rfc8 21.
Rec1 Rxc1+ 22. Rxc1 Rxc1+ 23. Bxc1 h6 24. Ne1 Nc8 25. Nd3 b6 26. Bd2 a5 27. f4
Na7 28. Ne2 Nc6 29. g4 Bc8 30. Bc3 Ba6 31. Nec1 Ba3 32. Kf2 Kf8 33. Ke3 Be7 34.
Ne2 f6 35. f5 exf5 36. gxf5 Bxd3 37. Kxd3 fxe5 38. dxe5 Bc5 39. h3 1/2-1/2

[Event "XXX C.to Italiano femminile"]
[Site "Bratto - Castione della Presolana ITA"]
[Date "2003.08.23"]
[Round "3"]
[White "Ambrosi, Eleonora"]
[Black "Panella, Fiammetta"]
[Result "1-0"]
[WhiteElo "2091"]
[BlackElo "1840"]
[PlyCount "59"]
[EventDate "2003.08.21"]

1. d4 Nf6 2. Nc3 g6 3. e4 d6 4. Be3 Bg7 5. f3 O-O 6. Qd2 e5 7. d5 a5 8. g4 h5
9. h3 Na6 10. Nge2 Bd7 11. Bg5 Qe8 12. Ng3 Nh7 13. gxh5 Nb4 14. O-O-O f5 15.
Bh6 gxh5 16. Bxg7 Kxg7 17. Rg1 Kh8 18. Qh6 Rg8 19. Be2 Qg6 20. Qxg6 Rxg6 21.
exf5 Rg5 22. a3 h4 23. Nce4 Rxg3 24. Nxg3 hxg3 25. axb4 axb4 26. Rxg3 Bxf5 27.
Rdg1 Ra1+ 28. Kd2 Rxg1 29. Rxg1 Bxh3 30. Bd3 1-0

[Event "XXX C.to Italiano femminile"]
[Site "Bratto - Castione della Presolana ITA"]
[Date "2003.08.23"]
[Round "3"]
[White "Bassi, Serena"]
[Black "Fittante, Giuliana"]
[Result "0-1"]
[WhiteElo "1347"]
[BlackElo "1813"]
[PlyCount "58"]
[EventDate "2003.08.21"]

1. e4 Nf6 2. e5 Nd5 3. c4 Nb6 4. Nf3 d6 5. d4 Bg4 6. exd6 exd6 7. Qe2+ Be7 8.
Qe4 Bxf3 9. Qxf3 Nc6 10. Be3 O-O 11. a3 Bf6 12. Qd1 Qe7 13. Be2 d5 14. c5 Nc4
15. Bxc4 dxc4 16. O-O Rad8 17. d5 Bxb2 18. Ra2 Bf6 19. Re1 Qe4 20. Rd2 c3 21.
Rd3 Qc4 22. Re2 Ne5 23. Rxc3 Rxd5 24. Rd2 Rxd2 25. Qxd2 Qg4 26. Bf4 Rd8 27. f3
Rxd2 28. fxg4 Rd1+ 29. Kf2 Nxg4+ 0-1

[Event "XXX C.to Italiano femminile"]
[Site "Bratto - Castione della Presolana ITA"]
[Date "2003.08.23"]
[Round "3"]
[White "Bianchini, Aurora"]
[Black "Clappa, Ilaria"]
[Result "1/2-1/2"]
[WhiteElo "1654"]
[BlackElo "1648"]
[PlyCount "71"]
[EventDate "2003.08.21"]

1. d4 e6 2. c4 d5 3. Nc3 Nf6 4. Bg5 Nbd7 5. e3 c6 6. Nf3 Qa5 7. Bxf6 Nxf6 8.
Qa4 Qb6 9. Qc2 Bd7 10. Bd3 Rc8 11. c5 Qc7 12. O-O Be7 13. Ne5 O-O 14. f4 b6 15.
b4 h6 16. g4 Be8 17. g5 hxg5 18. fxg5 Ne4 19. Nxe4 dxe4 20. Bxe4 f5 21. gxf6
Rxf6 22. Rxf6 Bxf6 23. Bh7+ Kh8 24. Ng6+ Kxh7 25. Ne7+ Kh8 26. Nxc8 Qxc8 27.
Rf1 Qd7 28. Qg2 Bf7 29. Qh3+ Kg8 30. Qg3 Qd8 31. Qg2 Qd5 32. Qg3 Bg5 33. Qb8+
Kh7 34. Qg3 Kg8 35. Qf2 Qd7 36. Qg3 1/2-1/2

[Event "XXX C.to Italiano femminile"]
[Site "Bratto - Castione della Presolana ITA"]
[Date "2003.08.23"]
[Round "3"]
[White "Brunello, Roberta"]
[Black "Matta, Francesca"]
[Result "1/2-1/2"]
[WhiteElo "1480"]
[BlackElo "1624"]
[PlyCount "123"]
[EventDate "2003.08.21"]

1. e4 e5 2. Nf3 Nc6 3. d4 exd4 4. Nxd4 Bc5 5. Be3 Qf6 6. c3 Nge7 7. Bc4 O-O 8.
O-O Bb6 9. Re1 Ne5 10. Be2 d6 11. Nd2 N7c6 12. N2f3 Nxf3+ 13. Bxf3 Ne5 14. Be2
Qg6 15. Bf1 Qxe4 16. Nb5 Qc6 17. Bxb6 Qxb6 18. Qd4 Rd8 19. Rad1 Bg4 20. Qxb6
axb6 21. Nxc7 Rxa2 22. Rd2 f6 23. Nb5 Kf8 24. Nxd6 Ke7 25. Ne4 Rxd2 26. Nxd2
Kf8 27. f4 Rxb2 28. fxe5 Rxd2 29. exf6 gxf6 30. Rb1 Rd6 31. Kf2 Rc6 32. c4 Be6
33. Ke3 Ke7 34. Kd4 Rd6+ 35. Ke4 Kd8 36. Rb3 Kc7 37. Rf3 Bd7 38. Rg3 f5+ 39.
Ke5 Re6+ 40. Kd4 Re4+ 41. Kc3 Rg4 42. Rh3 Rg7 43. Kd4 Kd6 44. Rh6+ Be6 45. g3
Re7 46. Bd3 Rf7 47. Kc3 Ke5 48. Kb4 Rc7 49. Kb5 Bd7+ 50. Kxb6 Rc6+ 51. Rxc6
Bxc6 52. Kc5 Be4 53. Be2 f4 54. gxf4+ Kxf4 55. Kd4 Bg2 56. h4 Bc6 57. Kc5 Kg3
58. h5 h6 59. Kb6 Kf4 60. c5 Ke4 61. Bg4 Kd4 62. Bc8 1/2-1/2

[Event "XXX C.to Italiano femminile"]
[Site "Bratto - Castione della Presolana ITA"]
[Date "2003.08.23"]
[Round "3"]
[White "De Rosa, Mariagrazia"]
[Black "Nazarova, Olga"]
[Result "1-0"]
[WhiteElo "1828"]
[BlackElo "2050"]
[PlyCount "61"]
[EventDate "2003.08.21"]

1. e4 e6 2. d4 d5 3. e5 c5 4. c3 Qb6 5. Nf3 Bd7 6. a3 c4 7. Nbd2 Ne7 8. g3 Nf5
9. Bh3 g6 10. O-O Bg7 11. Ne1 Na6 12. Ng2 O-O-O 13. Rb1 Qa5 14. Ne3 h5 15. Qe2
Ba4 16. b3 cxb3 17. Bb2 Bb5 18. c4 dxc4 19. Nexc4 Nxd4 20. Bxd4 Rxd4 21. Rfc1
Kb8 22. Qe3 Qd8 23. Nd6 Rd3 24. Qe4 Qd7 25. Bf1 Bxe5 26. Qxe5 Rd8 27. Nxb5+ Ka8
28. Bxd3 Qxd3 29. Nc7+ Nxc7 30. Qxc7 Qd7 31. Qxd7 1-0

[Event "XXX C.to Italiano femminile"]
[Site "Bratto - Castione della Presolana ITA"]
[Date "2003.08.23"]
[Round "3"]
[White "Decataldo, Alba"]
[Black "Castellano, Fulvia"]
[Result "1-0"]
[WhiteElo "1794"]
[BlackElo "1525"]
[PlyCount "81"]
[EventDate "2003.08.21"]

1. e4 c5 2. c3 Nf6 3. e5 Nd5 4. Nf3 Nc6 5. Bc4 Nb6 6. Bb3 d5 7. d4 cxd4 8. cxd4
Bf5 9. O-O e6 10. Nc3 Be7 11. Ne2 O-O 12. Nd2 Rc8 13. a3 Na5 14. Ba2 Nbc4 15.
Bb1 Bxb1 16. Rxb1 b5 17. Nxc4 bxc4 18. Nc3 Nb3 19. Be3 f6 20. Qg4 f5 21. Qd1 f4
22. Bc1 Bg5 23. f3 Qb6 24. Ne2 Bh6 25. Rf2 g5 26. g3 Kg7 27. Rg2 Nxc1 28. Qxc1
fxg3 29. Rxg3 Kh8 30. Rh3 Bg7 31. Qc2 h6 32. Qg6 Rf5 33. Kg2 c3 34. Ng3 g4 35.
Rxh6+ Bxh6 36. Qxh6+ Kg8 37. Nxf5 gxf3+ 38. Kxf3 exf5 39. Rg1+ Kf7 40. Rg7+ Kf8
41. Qh8# 1-0